Soós Katalin műveinek bibliográfiája

Elmentve itt :
Bibliográfiai részletek
Szerző: Soós Katalin
Dokumentumtípus: Cikk
Megjelent: University of Szeged, Magyar Medievisztikai Kutatócsoport Szeged 2002
Sorozat:Acta Universitatis Szegediensis : acta historica 114
Kulcsszavak:Történettudomány - bibliográfia
Tárgyszavak:
Online Access:http://acta.bibl.u-szeged.hu/2905
LEADER 00791nab a2200205 i 4500
001 acta2905
005 20260130133235.0
008 161015s2002 hu o 000 hun d
022 |a 0324-6965 
040 |a SZTE Egyetemi Kiadványok Repozitórium  |b hun 
041 |a hun 
100 1 |a Soós Katalin 
245 1 0 |a Soós Katalin műveinek bibliográfiája  |h [elektronikus dokumentum] /  |c  Soós Katalin 
260 |a University of Szeged, Magyar Medievisztikai Kutatócsoport  |b Szeged  |c 2002 
300 |a 8-14 
490 0 |a Acta Universitatis Szegediensis : acta historica  |v 114 
650 4 |a Bölcsészettudományok 
650 4 |a Történettudomány és régészet 
695 |a Történettudomány - bibliográfia 
856 4 0 |u http://acta.bibl.u-szeged.hu/2905/1/historica_114_008-014.pdf  |z Dokumentum-elérés